| 000 | 00543nam a2200181Ia 4500 | ||
|---|---|---|---|
| 008 | 090124s9999 xx 000 0 und d | ||
| 082 | _b41368 | ||
| 100 | _aशेवाळकर राम | ||
| 245 | _a ध्यास शिखरे | ||
| 250 | _a1 | ||
| 260 |
_bपरिमल मदन धनकर _c2004 |
||
| 300 | _a204 | ||
| 600 | _aशेवाळकर राम | ||
| 630 | _a ध्यास शिखरे | ||
| 700 | _aशेवाळकर राम | ||
| 730 | _a ध्यास शिखरे | ||
| 942 | _cBOOK | ||
| 999 |
_c107508 _d107508 |
||